| Tag |
First Indicator |
Second Indicator |
Subfields |
| LEADER |
00000ccm a2200000Ia 4500 |
| 001 |
in00002336713 |
| 005 |
20151108044122.0 |
| 008 |
930802s1990 xxuuua n zxx d |
| 035 |
|
|
|a (OCoLC)ocm28556605
|
| 035 |
|
|
|a (OCoLC)28556605
|
| 040 |
|
|
|a OBE
|c OBE
|d UtOrBLW
|
| 045 |
0 |
|
|b d1990
|
| 048 |
|
|
|a ob
|
| 049 |
|
|
|a TXAM
|
| 090 |
|
|
|a M985.D8255
|b C67 1990
|
| 100 |
1 |
|
|a Dresher, Paul.
|
| 245 |
1 |
0 |
|a Cornucopia /
|c Paul Dresher.
|
| 250 |
|
|
|a Version rev. 1990.
|
| 264 |
|
1 |
|a [United States?] :
|b P. Dresher,
|c [1990?]
|
| 300 |
|
|
|a 1 score (89 pages) ;
|c 36 cm.
|
| 336 |
|
|
|a notated music
|b ntm
|2 rdacontent
|
| 337 |
|
|
|a unmediated
|b n
|2 rdamedia
|
| 338 |
|
|
|a volume
|b nc
|2 rdacarrier
|
| 500 |
|
|
|a For chamber orchestra.
|
| 650 |
|
0 |
|a Chamber orchestra music
|v Scores.
|
| 948 |
|
|
|a cataloged
|b h
|c 2007/10/19
|d c
|e cajsmith
|f 9:25:18 am
|
| 994 |
|
|
|a C0
|b TXA
|
| 999 |
|
|
|a MARS
|
| 999 |
f |
f |
|s 0c7930c6-fd8c-3bb7-bbf5-ec30f3a7f9bf
|i 55ccc7f6-002c-3a16-8a7b-21deddc78d78
|t 0
|
| 952 |
f |
f |
|p normal
|a Texas A&M University
|b College Station
|c Sterling C. Evans Library
|d Evans: Library Stacks
|t 0
|e M985.D8255 C67 1990
|f Oversize
|h Library of Congress classification
|i unmediated -- volume
|m A14836594458
|
| 998 |
f |
f |
|a M985.D8255 C67 1990
|t 0
|l Evans: Library Stacks
|